Thyristorised power controllers (Record no. 183598)

000 -LEADER
fixed length control field 00864 a2200157 4500
003 - CONTROL NUMBER IDENTIFIER
control field Nust
005 - DATE AND TIME OF LATEST TRANSACTION
control field 20170207153309.0
040 ## - CATALOGING SOURCE
Transcribing agency Nust
082 ## - DEWEY DECIMAL CLASSIFICATION NUMBER
Classification number 621.812
100 ## - MAIN ENTRY--PERSONAL NAME
Personal name G.K. Dubey
245 ## - TITLE STATEMENT
Title Thyristorised power controllers
260 ## - PUBLICATION, DISTRIBUTION, ETC.
Place of publication, distribution, etc. London
Name of publisher, distributor, etc. Wiley Eastren limited
Date of publication, distribution, etc. 1986
300 ## - PHYSICAL DESCRIPTION
Extent 819
505 ## - FORMATTED CONTENTS NOTE
Formatted contents note Introduction (Page-1), Introduction To Thyristor And Its Control Circuits (Page-5), Line Commuted AC And DC Converters (Page-88), Cycloconverters (Page-193), AC Regulators (Page-236), Choppers (Page-271), Inverters (Page-315), Voltage Control And Harmonic Reduction In Inverters (Page-347), Power Factor Control (Page-428), Measurement And Sensing In Thyristorised Systems (Page-489), IC Logic And Control Circuits (Page-510), Power Converter Controls Using Plcs And Microcomputers (Page-675).
538 ## - SYSTEM DETAILS NOTE
System details note Almirah No.36 Shelf No.1
650 ## - SUBJECT ADDED ENTRY--TOPICAL TERM
Topical term or geographic name entry element Thyristorised power controllers
Holdings
Withdrawn status Lost status Source of classification or shelving scheme Damaged status Not for loan Collection code Permanent Location Current Location Date acquired Total Checkouts Full call number Barcode Date last seen Price effective from Koha item type
            Military College of Signals (MCS) Military College of Signals (MCS) 12/12/2016   621.812 BUB MCS21190 12/08/2016 12/12/2016 Book
© 2023 Central Library, National University of Sciences and Technology. All Rights Reserved.